Steal A Brainrot Characters That Cannot Get Traits - Statistics

General Stats
  • This quiz has been taken 15 times
    13 since last reset
  • The average score is 5 of 14
Answer Stats
Obtained By Answer % Correct
Advent Calendar Bunnyman
82%
Plush Code Festive 67
82%
Advent Calendar 25
73%
Plush Code Boppin Bunny
55%
Plush Code Arcadragon
36%
Spins/Sammy Base Bisonte Giuppitere
27%
Plush Code Globa Steppa
27%
Plush Code Lazy Ducky
18%
Plush Code Pancake and Syrup
18%
Plush Code Pineaplino
18%
Advent Calendar Please My Present
18%
Plush Code Rico Dinero
18%
Plush Code Cola Cat
9%
Plush Code Tenini Ballini
9%
No matching quizzes found
Score Distribution
Percent of People with Each Score
Percentile by Number Answered
Your Score History
You have not taken this quiz since the last reset